000 00487nam a2200205Ia 4500
003 OSt
005 20220607144235.0
008 210210b2014 xxu||||| |||| 00| 0 eng d
040 _cAL
041 _aeng
082 _a657.42 RAMC
100 _aRAMAN (B S)
_940908
245 _aCost accounting
260 _aMangalore
_bUnited Pablishars
_c2014
300 _avi,382
650 _aBBM V Semester
_940909
690 _aCost Accounting
_940910
906 _a068799
942 _2ddc
_cBK
999 _c152910
_d152910